| 000 | 00705nam a22002175a 4500 | ||
|---|---|---|---|
| 001 | 002604 | ||
| 003 | armpunfd | ||
| 005 | 20140612090710.0 | ||
| 008 | 121212s2009####ag############000#0#und#d | ||
| 040 |
_aarmpunfd _carmpunfd |
||
| 080 | _a342.7 L 592 | ||
| 245 | 1 | 0 |
_aDe la ley de residencia al terrorismo de estado : _bLa actividad represiva del Estado ante los moviemientos sociales emergentes durante el siglo XX. |
| 260 |
_aBuenos Aires : _bArchivo Nacional de la Memoria, _c2009. |
||
| 300 | _a44 p. | ||
| 650 | 7 |
_aActividad represiva _2LEMB |
|
| 650 | 7 |
_aDerechos Humanos _2LEMB |
|
| 650 | 7 |
_aTerrorismo de Estado _2LEMB |
|
| 942 |
_c _2cdu |
||
| 945 |
_asa _d2012-12-12 |
||
| 945 |
_asa _d2012-12-12 |
||
| 999 |
_c2493 _d232997 |
||